| 000 | 00520nam a2200193Ia 4500 | ||
|---|---|---|---|
| 005 | 20260429112159.0 | ||
| 008 | 260429s9999||||xx |||||||||||||| ||und|| | ||
| 020 | _a9789384370381 | ||
| 041 | _aEnglish | ||
| 082 |
_a352.3802 _bSAT |
||
| 100 | _aSatish Babu | ||
| 245 | 0 |
_aE-governance initiatives in the information age / _cSatish Babu |
|
| 250 | _a1st ed. | ||
| 260 |
_aNew Delhi : _bManakin Press, _c2024. |
||
| 300 | _axxxvi, 238 p.; hb | ||
| 650 | _a Information age | ||
| 650 | _aE-governance | ||
| 942 | _cTB | ||
| 999 |
_c52763 _d52763 |
||